Formula 1 Season Openers - Statistics

General Stats
  • This quiz has been taken 35 times
  • The average score is 8 of 11
Answer Stats
Times Grand Prix % Correct
24 Australia
100%
6 Bahrain
97%
3 USA
81%
15 Argentina
77%
10 Brazil
74%
5 Monaco
71%
1 Netherlands
71%
1 Austria
68%
1 Great Britain
68%
9 South Africa
61%
2 Switzerland
55%
No matching quizzes found
Score Distribution
Percent of People with Each Score
Percentile by Number Answered
Your Score History
You have not taken this quiz